| 000 | 00421nam a2200205Ia 4500 | ||
|---|---|---|---|
| 001 | 12990 | ||
| 003 | GE_BSU | ||
| 008 | 181216s||||||||xx |||||||||||||| ||und|| | ||
| 020 | _a9781846052385 | ||
| 040 | _cGE_BSU | ||
| 080 | _a821.111-3 | ||
| 100 | _aPrice,Katie. | ||
| 245 | _aSapphire. | ||
| 260 | _aLondon. | ||
| 260 | _bCentury. | ||
| 260 | _c2009 | ||
| 300 | _a316p;20cm. | ||
| 653 | _aSapphire. | ||
| 942 | _cBK | ||
| 999 |
_c46158 _d46158 |
||